陸上国境が2つの国 - Statistics

General Stats
  • This quiz has been taken 52 times
  • The average score is 22 of 27
Answer Stats
国名 接する相手国 % Correct
アメリカ合衆国 カナダ、メキシコ
95%
モンゴル 中国、ロシア
93%
パナマ コスタリカ、コロンビア
91%
ネパール 中国、インド
89%
ウルグアイ ブラジル、アルゼンチン
89%
イエメン サウジアラビア、オマーン
86%
スウェーデン ノルウェー、フィンランド
86%
コスタリカ ニカラグア、パナマ
86%
ブータン 中国、インド
84%
アンドラ スペイン、フランス
84%
ベリーズ メキシコ、グアテマラ
84%
リヒテンシュタイン スイス、オーストリア
82%
ニカラグア ホンジュラス、コスタリカ
82%
チュニジア リビア、アルジェリア
80%
エスワティニ 南アフリカ、モザンビーク
80%
オランダ ベルギー、ドイツ
80%
エクアドル ペルー、コロンビア
77%
バングラデシュ インド、ミャンマー
75%
アラブ首長国連邦 サウジアラビア、オマーン
75%
シエラレオネ ギニア、リベリア
75%
エストニア ロシア、ラトビア
75%
赤道ギニア カメルーン、ガボン
73%
モルドバ ウクライナ、ルーマニア
73%
エルサルバドル グアテマラ、ホンジュラス
70%
クウェート イラク、サウジアラビア
68%
レバノン イスラエル、シリア
68%
ギニアビサウ セネガル、ギニア
68%
No matching quizzes found
Score Distribution
Percent of People with Each Score
Percentile by Number Answered
Your Score History
You have not taken this quiz